Trenerzy na Euro 2024 - Statystyki

Ogólne statystyki
  • Ten quiz został rozwiązany 90 razy
  • Średni wynik to 21 z 24
Statystyki odpowiedzi
Selekcjoner Reprezentacja % Poprawnych
Gareth Southgate Anglia
96%
Didier Deschamps Francja
96%
Julian Nagelsmann Niemcy
96%
Michał Probierz Polska
95%
Luis de la Fuente Hiszpania
94%
Ronald Koeman Holandia
94%
Luciano Spalletti Włochy
92%
Sylvinho Albania
91%
Roberto Martínez Portugalia
91%
Zlatko Dalić Chorwacja
90%
Kasper Hjulmand Dania
90%
Ralf Rangnick Austria
89%
Eduard Iordănescu Rumunia
87%
Ivan Hašek Czechy
85%
Matjaž Kek Słowenia
85%
Domenico Tedesco Belgia
84%
Dragan Stojković Serbia
82%
Steve Clark Szkocja
81%
Willy Sagnol Gruzja
80%
Serhij Rebrow Ukraina
76%
Francesco Calzona Słowacja
72%
Murat Yakin Szwajcaria
70%
Marco Rossi Węgry
70%
Vincenzo Montella Turcja
67%
Nie znaleziono quizów pasujących do podanych kryteriów
Rozkład punktacji
Procent ludzi z każdym wynikiem
Percentyl według liczby udzielonych odpowiedzi
Twoja historia wyników
Nie rozwiązałeś tego quizu